[Event "Titled Tue 3rd Jun Early"]
[Site "chess.com INT"]
[Date "2025.06.03"]
[Round "2"]
[White "Odegov, Artem"]
[Black "Tulendinov, Dinmukhammed"]
[Result "0-1"]
[WhiteTitle "FM"]
[BlackTitle "FM"]
[WhiteElo "2244"]
[BlackElo "2124"]
[WhiteFideId "34183644"]
[BlackFideId "13730860"]
[EventDate "2025.06.03"]

1. d4 Nf6 2. Nf3 e6 3. c4 b6 4. g3 Bb7 5. Bg2 c5 6. d5 exd5 7. cxd5 d6 8. Nc3
Nbd7 9. O-O Be7 10. e4 O-O 11. Re1 Rb8 12. h3 a6 13. a4 Re8 14. Nd2 Bf8 15. Nc4
Ne5 16. Nxe5 Rxe5 17. Bf4 Re8 18. Qb3 Nd7 19. Rad1 g6 20. h4 Ne5 21. Qc2 Bg7 22.
Bg5 Qd7 23. Nb1 b5 24. axb5 axb5 25. b3 Bc8 26. Nd2 Qc7 27. Rc1 Bg4 28. Kh2 Rec8
29. f3 Bd7 30. Bf1 c4 31. bxc4 bxc4 32. Bxc4 Rb2 33. Qxb2 Nxf3+ 34. Nxf3 Bxb2
35. Rc2 Bg7 36. Rec1 Qa7 37. Kg2 h6 38. Bf4 Bg4 39. Be2 Rxc2 40. Rxc2 Qa4 41.
Rc4 Qa2 42. Kf2 Bf8 43. Rc6 Qa7+ 44. Kg2 Qa2 45. Kf2 Qb1 46. Kg2 Qxe4 47. Kf2
Bg7 48. Rxd6 Bd4+ 49. Nxd4 Qxd4+ 50. Kf1 Bxe2+ 51. Kxe2 g5 52. hxg5 hxg5 53. Be3
Qb2+ 54. Kf3 Qe5 55. Rd8+ Kg7 56. g4 Qf6+ 57. Ke4 Qxd8 58. Bd4+ f6 59. Bb6 Qxb6
60. Kf5 Qd8 61. d6 Qd7+ 62. Ke4 Qxd6 63. Kf5 Qe5# 0-1

[Event "Titled Tue 3rd Jun Early"]
[Site "chess.com INT"]
[Date "2025.06.03"]
[Round "2"]
[White "Dreelinck, Jacob"]
[Black "Jain, Kashish Manoj"]
[Result "0-1"]
[WhiteTitle "FM"]
[BlackTitle "IM"]
[WhiteElo "2262"]
[BlackElo "2429"]
[WhiteFideId "250511"]
[BlackFideId "35081098"]
[EventDate "2025.06.03"]

1. e4 c5 2. Nf3 a6 3. d4 cxd4 4. c3 Nf6 5. e5 Nd5 6. Bc4 Nb6 7. Bb3 d5 8. exd6
Qxd6 9. Qxd4 Qxd4 10. Nxd4 e5 11. Nf3 Nc6 12. Ng5 Nd8 13. Be3 Nd7 14. O-O Bc5
15. Nd2 f6 16. Nge4 Bxe3 17. Nd6+ Ke7 18. Nxc8+ Rxc8 19. fxe3 Nc5 20. Bc2 Nf7
21. Rad1 Nd6 22. Nb3 Ne6 23. Rf2 Nc4 24. Be4 Rc7 25. Re2 g6 26. g4 b6 27. Kf2 a5
28. Nc1 Rf8 29. Ke1 Nd6 30. Bd5 Nc5 31. Nd3 Rd8 32. Nxc5 Rxc5 33. Bb3 Ne4 34.
Rxd8 Kxd8 35. Bc2 Ng5 36. Rd2+ Ke7 37. Kf2 Rc7 38. h4 Ne6 39. h5 gxh5 40. gxh5
Ng5 41. Kg3 e4 42. Kf4 Rc4 43. Rg2 Ne6+ 44. Kg3 Rc5 45. Bd1 Rg5+ 46. Bg4 f5 47.
Kh4 Rxg4+ 48. Rxg4 fxg4 49. Kxg4 Kf6 50. b4 axb4 51. cxb4 b5 52. a3 h6 53. Kh3
Kg5 54. Kg3 Ng7 55. Kh3 Nf5 56. a4 bxa4 57. b5 a3 58. b6 Nd6 59. b7 Nxb7 60. Kg3
a2 0-1

[Event "Titled Tue 3rd Jun Early"]
[Site "chess.com INT"]
[Date "2025.06.03"]
[Round "2"]
[White "Waldhausen Gordon, Frederick"]
[Black "Yezhel, Valiantsin"]
[Result "1-0"]
[WhiteTitle "FM"]
[BlackTitle "FM"]
[WhiteElo "2397"]
[BlackElo "2232"]
[WhiteFideId "2409143"]
[BlackFideId "13504983"]
[EventDate "2025.06.03"]

1. Nf3 d5 2. d4 Nf6 3. Bf4 c5 4. c3 Nc6 5. e3 e6 6. Nbd2 Nh5 7. Be5 f6 8. Bg3 g6
9. Qc2 cxd4 10. exd4 Bg7 11. Be2 O-O 12. Nh4 Nxg3 13. hxg3 Qe8 14. O-O-O e5 15.
Rde1 Qf7 16. dxe5 fxe5 17. Ndf3 e4 18. Ng5 Bh6 19. Qd2 Bxg5 20. Qxg5 Be6 21. f3
Qf6 22. Qxf6 Rxf6 23. fxe4 dxe4 24. Rhf1 Rxf1 25. Rxf1 Bxa2 26. g4 Be6 27. g5
Ne5 28. Rf4 Nd3+ 29. Bxd3 exd3 30. Nf3 Bd5 31. Kd2 Bxf3 32. gxf3 Rd8 33. Re4 Kf7
34. f4 Rd7 35. Re5 Kg7 36. Re3 h5 37. gxh6+ Kxh6 38. Rh3+ Kg7 39. Rxd3 Re7 40.
Rd6 Kf7 41. Kd3 Re6 42. Rd5 Kf6 43. b4 a6 44. c4 Re1 45. Rd6+ Kf5 46. Rb6 Re7
47. c5 Kxf4 48. Rxg6 Re3+ 49. Kc4 Re4+ 50. Kb3 Re7 51. Rd6 Ke4 52. Ka4 Kf5 53.
Ka5 Re4 54. Rd7 Ke6 55. Rxb7 Kd5 56. Kxa6 Re3 57. Kb6 Rb3 58. Kb5 Rb1 59. Rd7+
Ke6 60. c6 Rc1 61. Kb6 Rc4 62. b5 Rb4 63. Kc5 Rb1 64. Rd4 Rc1+ 65. Rc4 Rb1 66.
b6 Ke7 67. b7 Kd8 68. Rd4+ Kc7 69. Rd7+ Kb8 70. Rd8+ Ka7 71. Ra8# 1-0

[Event "Titled Tue 3rd Jun Early"]
[Site "chess.com INT"]
[Date "2025.06.03"]
[Round "2"]
[White "Guliev, Gasan"]
[Black "Rentsen, Erdenetulga"]
[Result "1-0"]
[WhiteTitle "CM"]
[WhiteElo "2123"]
[BlackElo "2182"]
[WhiteFideId "34165638"]
[BlackFideId "4901320"]
[EventDate "2025.06.03"]

1. d4 d5 2. Nf3 Nf6 3. c4 c6 4. e3 Bg4 5. h3 Bh5 6. Qb3 Qb6 7. Nc3 e6 8. Ne5
Nbd7 9. f4 Nxe5 10. fxe5 Qxb3 11. axb3 Nd7 12. e4 Bb4 13. exd5 cxd5 14. Bd2 a6
15. cxd5 exd5 16. Nxd5 Bxd2+ 17. Kxd2 O-O 18. g4 Bg6 19. h4 Rfd8 20. Ne7+ Kf8
21. Nxg6+ hxg6 22. Ke3 Nb6 23. Bg2 Nd5+ 24. Bxd5 Rxd5 25. Rhd1 Rad8 26. Rac1
R8d7 27. Rd3 Ke7 28. Ke4 f6 29. exf6+ gxf6 30. Rc5 R5d6 31. d5 Rb6 32. h5 gxh5
33. gxh5 Rb4+ 34. Rc4 Rb6 35. Rh3 Kf7 36. h6 Kg6 37. b4 Rb5 38. Rd4 Kh7 39. Kf5
Rbxd5+ 40. Rxd5 Rxd5+ 41. Kxf6 Rb5 42. Rh4 Rb6+ 43. Ke7 Rc6 44. Kd7 Rc2 45. Rh5
b6 46. Rh4 Rxb2 47. Kc6 a5 48. b5 Rb4 49. Rh3 a4 50. Kxb6 Rb3 51. Rh2 a3 52. Ka6
Rb2 53. Rh3 a2 54. Ra3 Kxh6 55. b6 Kg5 56. b7 Kf4 57. Ka7 Ke4 58. b8=Q Rxb8 59.
Kxb8 Kd4 60. Rxa2 Kc4 61. Ra6 1-0

[Event "Titled Tue 3rd Jun Early"]
[Site "chess.com INT"]
[Date "2025.06.03"]
[Round "2"]
[White "Gyurjinyan, Valter"]
[Black "Rustamov, Rustam"]
[Result "0-1"]
[WhiteTitle "CM"]
[BlackTitle "FM"]
[WhiteElo "2208"]
[BlackElo "2323"]
[WhiteFideId "13318179"]
[BlackFideId "13440110"]
[EventDate "2025.06.03"]

1. e4 c5 2. Nf3 d6 3. d4 cxd4 4. Nxd4 e5 5. Bb5+ Bd7 6. Bxd7+ Qxd7 7. Nf5 Nf6 8.
Nc3 Nxe4 9. Nxe4 Qxf5 10. Nxd6+ Bxd6 11. Qxd6 Nc6 12. O-O Qd7 13. Qc5 Qe7 14.
Qxe7+ Kxe7 15. c3 f5 16. f4 e4 17. Be3 Ke6 18. Rfd1 Rhd8 19. Kf2 g6 20. h3 b6
21. g4 Rac8 22. Ke2 Na5 23. Bd4 Nc4 24. Rab1 Nd6 25. a4 Rf8 26. Rf1 Rf7 27. b3
Rcf8 28. g5 Nb7 29. Rfd1 Rd7 30. b4 Rc8 31. Be5 Nd6 32. h4 Nc4 33. Rxd7 Kxd7 34.
Bd4 Ke6 35. h5 Na3 36. Rh1 Nc2 37. Be5 Rd8 38. hxg6 hxg6 39. Rh7 e3 40. Bd4
Nxd4+ 41. cxd4 Rxd4 42. Rxa7 Rxf4 43. Rg7 Rxb4 44. Rxg6+ Ke5 45. Kxe3 f4+ 46.
Kf3 Kf5 47. Rd6 Rb3+ 48. Kf2 Kxg5 49. a5 bxa5 50. Rd5+ Kg4 51. Rxa5 Rb2+ 52. Kf1
Kg3 53. Ra3+ f3 54. Ke1 Rb1+ 55. Kd2 Kg2 56. Ra8 f2 57. Rg8+ Kf1 58. Rf8 Rb7 59.
Re8 Rd7+ 60. Ke3 Ke1 61. Kf3+ Kf1 62. Ra8 Rf7+ 63. Ke3 Rf6 64. Rg8 Re6+ 65. Kf3
Ke1 0-1

[Event "Titled Tue 3rd Jun Early"]
[Site "chess.com INT"]
[Date "2025.06.03"]
[Round "2"]
[White "Ristic, Nebojsa M"]
[Black "Aradhya, Garg"]
[Result "0-1"]
[WhiteTitle "IM"]
[BlackTitle "IM"]
[WhiteElo "2248"]
[BlackElo "2383"]
[WhiteFideId "900850"]
[BlackFideId "25006746"]
[EventDate "2025.06.03"]

1. d4 d5 2. Bf4 Nf6 3. e3 c5 4. Nf3 Nc6 5. Nbd2 Qb6 6. dxc5 Qxb2 7. Rb1 Qc3 8.
Bb5 e6 9. O-O Be7 10. Ne5 Qxc5 11. c4 O-O 12. Nb3 Qb6 13. Bxc6 bxc6 14. Nd4 Qc5
15. Rc1 Ba6 16. Qa4 Bxc4 17. Nxc4 dxc4 18. Rxc4 Qa3 19. Nxc6 Nd5 20. Nxe7+ Qxe7
21. Bg3 Nb6 22. Qb4 Qxb4 23. Rxb4 Rfc8 24. Rfb1 f6 25. f3 Rc2 26. R4b2 Rac8 27.
e4 Kf7 28. h3 e5 29. Bf2 Rxb2 30. Rxb2 Rc6 31. Bxb6 Rxb6 32. Rc2 Ra6 33. Kf2 Ra3
34. h4 h5 35. Rb2 Ke6 36. Rd2 a5 37. Ke2 g6 38. Rb2 f5 39. Rb6+ Kf7 40. Rb7+ Kf6
41. Rb6+ Kg7 42. Rb7+ Kh6 43. Rb2 fxe4 44. fxe4 Rg3 45. Kf2 Rg4 46. Kf3 Rf4+ 47.
Ke3 Rxh4 48. Rb5 Rg4 49. Kf3 Rf4+ 50. Ke3 Rg4 51. Kf3 Rg5 52. Rxa5 h4 53. a4
Rg3+ 54. Kf2 Ra3 55. Rxe5 Rxa4 56. Re8 Kg5 57. Re6 Ra2+ 58. Kf3 Ra3+ 59. Kf2 Kh5
60. e5 g5 61. Re8 Kg4 62. e6 Ra6 63. e7 Rf6+ 64. Kg1 Re6 65. Kh2 Re1 0-1

[Event "Titled Tue 3rd Jun Early"]
[Site "chess.com INT"]
[Date "2025.06.03"]
[Round "2"]
[White "Torres Rebolledo, Alvaro"]
[Black "Jovic, Stanoje"]
[Result "1/2-1/2"]
[WhiteTitle "FM"]
[BlackTitle "FM"]
[WhiteElo "2336"]
[BlackElo "2096"]
[WhiteFideId "54587670"]
[BlackFideId "905020"]
[EventDate "2025.06.03"]

1. Nf3 Nf6 2. e3 e6 3. c4 c5 4. Nc3 d5 5. cxd5 exd5 6. d4 Nc6 7. Be2 Be7 8. O-O
O-O 9. b3 Re8 10. Bb2 Bf5 11. dxc5 Bxc5 12. Na4 Bd6 13. Rc1 Rc8 14. Nd4 Bg6 15.
Bf3 Ne4 16. g3 Ne5 17. Bg2 Rxc1 18. Bxc1 a6 19. Bb2 h5 20. Nf3 Bb8 21. Nxe5 Bxe5
22. Bxe5 Rxe5 23. Qd4 Qf6 24. h4 Re6 25. Qxd5 Rd6 26. Qxb7 Nd2 27. Rd1 Bc2 28.
Rc1 Bf5 29. Qb4 Bg4 30. Qf4 Qxf4 31. exf4 Nf3+ 32. Bxf3 Bxf3 33. Nc5 a5 34. a3
f6 35. b4 axb4 36. axb4 g5 37. hxg5 fxg5 38. fxg5 Rd4 39. g6 Rxb4 40. Ne6 Rb8
41. Kh2 Bg4 42. Nf4 Bf3 43. Rc3 Be4 44. Kh3 Rb1 45. Kh4 Rb5 46. Nxh5 Bxg6 47.
Rc8+ Kf7 48. Rc7+ Kf8 49. g4 Bxh5 50. gxh5 Rf5 51. Rc2 Kg7 52. Kg4 Ra5 53. f4
Ra1 54. Rc7+ Kh6 55. Rc6+ Kg7 56. Kf5 Ra5+ 57. Kg4 Ra1 58. h6+ Kh7 59. Kg5 Rg1+
60. Kf6 Kxh6 61. f5 Kh7 62. Kf7 Rg7+ 63. Kf8 Ra7 64. f6 Ra8+ 65. Ke7 Ra7+ 66.
Ke6 Kg6 67. Rc8 Ra6+ 68. Ke7 Ra7+ 69. Ke6 Ra6+ 70. Ke5 Ra5+ 71. Ke6 Ra6+ 1/2-1/2

[Event "Titled Tue 3rd Jun Early"]
[Site "chess.com INT"]
[Date "2025.06.03"]
[Round "2"]
[White "Harshal, Shahi"]
[Black "Mendonca, Leon Luke"]
[Result "1-0"]
[WhiteTitle "FM"]
[BlackTitle "GM"]
[WhiteElo "2143"]
[BlackElo "2630"]
[WhiteFideId "5048257"]
[BlackFideId "35028561"]
[EventDate "2025.06.03"]

1. e4 a6 2. d4 e6 3. Nc3 d5 4. e5 Nf6 5. exf6 gxf6 6. Nf3 b5 7. Be3 Bb7 8. Bd3
Nd7 9. a4 b4 10. Ne2 c5 11. dxc5 Nxc5 12. O-O h5 13. Re1 Rg8 14. Bd4 Bd6 15. Ng3
e5 16. Nf5 Ne6 17. Nxe5 Bxe5 18. Bxe5 fxe5 19. Rxe5 Qc7 20. Qe2 O-O-O 21. Rxe6
fxe6 22. Qxe6+ Kb8 23. Bxa6 Rde8 24. Qh6 Qe5 25. Qb6 Qc7 26. Qxb7+ Qxb7 27. Bxb7
Re5 28. Bxd5 Rxd5 29. Ne7 Rgd8 30. Nxd5 Rxd5 31. Kf1 Kb7 32. Ke2 Rc5 33. Kd3 Kb6
34. c3 Rd5+ 35. Kc4 Rd2 36. cxb4 Rc2+ 37. Kb3 Rxf2 38. Re1 Rxg2 39. Re6+ Kb7 40.
h4 Rg4 41. a5 Rxh4 42. Ka4 Rf4 43. Rh6 h4 44. Rh7+ Ka6 45. b3 Rg4 46. Ka3 Rf4
47. Rh6+ Ka7 48. b5 Rf5 49. Rh7+ Kb8 50. Ka4 Rf4+ 51. b4 Re4 52. a6 Ka8 53. b6
Re8 54. Rxh4 Rf8 55. Ka5 Rg8 56. b5 Rf8 57. Rh7 Re8 58. Ra7+ Kb8 59. Rc7 Rf8 60.
a7+ Ka8 61. Ka6 Rb8 62. b7+ Rxb7 63. Rc8+ Rb8 64. Rxb8# 1-0

[Event "Titled Tue 3rd Jun Early"]
[Site "chess.com INT"]
[Date "2025.06.03"]
[Round "2"]
[White "Thorhallsson, Simon"]
[Black "Leiva, Gianmarco"]
[Result "1-0"]
[WhiteTitle "FM"]
[BlackTitle "IM"]
[WhiteElo "2218"]
[BlackElo "2387"]
[WhiteFideId "2310090"]
[BlackFideId "3804399"]
[EventDate "2025.06.03"]

1. g3 d5 2. Bg2 c6 3. d3 e5 4. Nf3 Bd6 5. O-O Nf6 6. Nc3 O-O 7. e4 h6 8. exd5
cxd5 9. Nb5 Nc6 10. Nxd6 Qxd6 11. Re1 Bf5 12. b3 Rfe8 13. Bb2 Rac8 14. a3 a6 15.
h3 Nd7 16. Nd2 Nc5 17. Nf1 Rcd8 18. g4 Bg6 19. Ng3 Ne6 20. c4 Nf4 21. Bf1 dxc4
22. dxc4 Qc5 23. Qf3 Nd4 24. Bxd4 Rxd4 25. b4 Qc7 26. Rad1 Red8 27. Rxd4 exd4
28. c5 d3 29. Ne4 Qe5 30. Re3 Bxe4 31. Rxe4 Qxe4 32. Qxe4 d2 33. Qxf4 d1=Q 34.
Qe4 Qd5 35. Qe7 Qd7 36. Qe4 Re8 37. Qf3 Re7 38. Bg2 Qd4 39. Qg3 g6 40. Kh2 Kg7
41. c6 bxc6 42. Bxc6 Qe5 43. Qxe5+ Rxe5 44. Bb7 Re6 45. Kg3 g5 46. a4 Rb6 47.
Bc8 Rxb4 48. Bxa6 Rxa4 49. Bc8 Rf4 50. Bd7 Kf6 51. Bc8 Ke5 52. Bd7 Rd4 53. Be8
f6 54. Bg6 Rb4 55. Bf5 Rb3+ 56. f3 Ra3 57. Be4 Kd4 58. Bc6 Ke3 59. Bb7 Ra1 60.
Kg2 Ra2+ 61. Kg3 Ra7 62. Bc6 Ra1 63. Bd5 Rg1+ 64. Kh2 Rd1 65. Be4 Kf2 66. h4
gxh4 67. Bc6 Rc1 68. Be4 Rg1 69. Bd5 Rg3 70. Be4 1-0

[Event "Titled Tue 3rd Jun Early"]
[Site "chess.com INT"]
[Date "2025.06.03"]
[Round "2"]
[White "Lazaro Azcutia, Miguel"]
[Black "Mottola, Max"]
[Result "1-0"]
[WhiteTitle "CM"]
[WhiteElo "2275"]
[BlackElo "2128"]
[WhiteFideId "54538254"]
[BlackFideId "30985862"]
[EventDate "2025.06.03"]

1. e4 a5 2. d4 Nc6 3. Nf3 e6 4. d5 Na7 5. Be2 Nf6 6. Nc3 Bb4 7. O-O Bxc3 8. bxc3
Nxe4 9. Qd4 Nf6 10. c4 d6 11. dxe6 Bxe6 12. Bb2 O-O 13. Rad1 b6 14. Bd3 Nc6 15.
Qh4 h6 16. Bxf6 Qxf6 17. Qe4 Rfc8 18. Qxc6 Qb2 19. a4 Qc3 20. h3 Qf6 21. Rfe1 g6
22. Re3 Kg7 23. Qb5 Rd8 24. Qb3 Bd7 25. Rde1 Bc6 26. Be4 Bxe4 27. Rxe4 Rd7 28.
R4e3 Rad8 29. Qc3 h5 30. Nd4 d5 31. cxd5 Rxd5 32. Nb5 c6 33. Qxf6+ Kxf6 34. Nc3
Rd4 35. Rf3+ Kg7 36. Re7 Rf8 37. Re4 Rfd8 38. Rxd4 Rxd4 39. Rd3 Rb4 40. Kf1 b5
41. axb5 cxb5 42. Rd5 Rc4 43. Nxb5 Rxc2 44. Nd4 Ra2 45. g3 a4 46. Ra5 Kf6 47.
Kg2 Ke7 48. Nb5 Ra1 49. Nc3 a3 50. Nb5 a2 51. Nc3 Rc1 52. Nxa2 Ra1 53. Ra7+ Kd6
54. Ra6+ Kc5 55. Nb4 Re1 56. Nd3+ Kb5 57. Nxe1 Kxa6 58. Nf3 Kb5 59. Ne5 Kc5 60.
Nxf7 Kd5 61. Ng5 Ke5 62. h4 Kf5 63. f3 Kf6 64. Kf2 Kg7 65. Ke3 Kh6 66. Kd4 Kg7
67. Kd5 Kh6 68. Ke6 Kg7 69. Ke7 Kh6 70. f4 Kg7 71. Ke6 Kh6 72. f5 gxf5 73. Kxf5
Kg7 74. Ne4 Kh6 75. Nf6 Kg7 76. Nxh5+ Kh6 77. Nf4 Kh7 78. g4 Kh8 79. Nd5 Kh7 80.
g5 Kg7 81. h5 Kh7 82. Kf6 Kh8 83. h6 Kh7 84. g6+ Kh8 85. g7+ Kh7 86. Kf7 Kxh6
87. g8=Q Kh5 88. Kf6 Kh4 89. Kf5 Kh3 90. Kf4 Kh2 91. Kf3 Kh1 92. Qg2# 1-0

[Event "Titled Tue 3rd Jun Early"]
[Site "chess.com INT"]
[Date "2025.06.03"]
[Round "2"]
[White "Moskalenko, Alexander"]
[Black "Grot, Blazej"]
[Result "1-0"]
[WhiteTitle "GM"]
[BlackTitle "CM"]
[WhiteElo "2422"]
[BlackElo "2217"]
[WhiteFideId "4155351"]
[BlackFideId "21835845"]
[EventDate "2025.06.03"]

1. e4 c5 2. Nf3 e6 3. b3 b6 4. Bb2 Bb7 5. Nc3 Nf6 6. e5 Nd5 7. Nxd5 Bxd5 8. c4
Bc6 9. d4 cxd4 10. Qxd4 Bxf3 11. gxf3 Nc6 12. Qe4 Bb4+ 13. Ke2 Qg5 14. f4 Qh5+
15. Qf3 Qxf3+ 16. Kxf3 O-O 17. Bd3 Bc5 18. Be4 Rad8 19. Rad1 Ne7 20. Rd3 f5 21.
exf6 gxf6 22. Rg1+ Kf7 23. Ke2 Ng6 24. Bc1 f5 25. Bb7 Rg8 26. Rgd1 Ke7 27. Rh3
Rg7 28. Be3 d6 29. Bc1 Kf6 30. Bc6 Rc7 31. Bh1 Rcd7 32. Bb2+ e5 33. Bc1 Re7 34.
fxe5+ Rxe5+ 35. Kf1 Kg7 36. Bb2 Re8 37. Rg3 Kh6 38. Bxe5 dxe5 39. Rd7 e4 40.
Rh3+ Kg5 41. Rdxh7 f4 42. R3h5+ Kf6 43. R7h6 Kg7 44. Rh7+ Kf6 45. Rxa7 f3 46.
Rc7 Rd8 47. Rd5 Rh8 48. Rc6+ Kg7 49. Rg5 Rxh2 50. Rgxg6+ Kh7 51. Bxf3 exf3 52.
Rcf6 Rxf2+ 53. Ke1 Re2+ 54. Kd1 Rxa2 55. Rg3 f2 56. Rgf3 Ra1+ 57. Ke2 Ra2+ 58.
Kd3 Kg7 59. b4 Ra3+ 60. Ke4 Rxf3 61. Rxf3 Bxb4 62. Rxf2 Bc5 63. Rf3 Kg6 64. Kd5
Kg5 65. Rf7 Kg6 66. Rf3 Kg5 67. Kc6 Kg4 68. Rb3 Kf4 69. Rxb6 Bf2 70. Rb1 Ke4 71.
Rd1 Ba7 72. Rd5 1-0

[Event "Titled Tue 3rd Jun Early"]
[Site "chess.com INT"]
[Date "2025.06.03"]
[Round "2"]
[White "Dziewonski, Dariusz"]
[Black "Csonka, Balazs"]
[Result "0-1"]
[WhiteTitle "FM"]
[BlackTitle "IM"]
[WhiteElo "2245"]
[BlackElo "2469"]
[WhiteFideId "21835829"]
[BlackFideId "742910"]
[EventDate "2025.06.03"]

1. e4 c5 2. Nf3 d6 3. d4 cxd4 4. Nxd4 Nf6 5. Nc3 a6 6. f4 e5 7. Nb3 Qc7 8. Be2
Be7 9. g4 Be6 10. g5 Nfd7 11. f5 Bc4 12. Be3 h6 13. gxh6 Bh4+ 14. Bf2 Bxf2+ 15.
Kxf2 Rxh6 16. Bxc4 Qxc4 17. Qd3 Qxd3 18. cxd3 Nc6 19. Nd5 O-O-O 20. Rag1 Rh7 21.
Rg2 Rdh8 22. Ke3 Nf6 23. Nxf6 gxf6 24. a3 Kd7 25. Kd2 b6 26. Kc3 Rh3 27. Rg7 Ke7
28. Rg2 Nb8 29. Kb4 Rxd3 30. Rc1 Kd7 31. Rgc2 Ke7 32. Rc7+ Nd7 33. Rb7 Rh4 34.
Re1 Rxh2 35. Kc4 Rg3 36. Kd5 Rxb3 37. Rc1 Rd2+ 38. Kc6 Rbxb2 39. Rxd7+ Kf8 40.
Rd8+ Ke7 41. Rd7+ Kf8 42. Rd8+ Kg7 43. Rg1+ Kh7 44. Rh1+ Kg7 45. Rg1+ Rg2 46.
Rh1 Rh2 47. Rg1+ Rbg2 48. Rb1 Rc2+ 49. Kxb6 Rb2+ 50. Rxb2 Rxb2+ 51. Kxa6 Ra2 52.
Kb5 Rxa3 53. Kc4 Ra4+ 54. Kd3 Rd4+ 55. Ke3 Kh7 56. Rd7 Kg8 57. Rd8+ Kg7 58. Rd7
Rd1 59. Ke2 Rd4 60. Ke3 Kf8 61. Rd8+ Ke7 62. Ra8 d5 63. Ra7+ Kf8 64. Ra8+ Kg7
65. exd5 Rxd5 66. Ra1 Rd4 67. Rg1+ Kf8 68. Rf1 Ke7 69. Rf2 Kd6 70. Rf1 Rf4 71.
Rd1+ Ke7 0-1

[Event "Titled Tue 3rd Jun Early"]
[Site "chess.com INT"]
[Date "2025.06.03"]
[Round "2"]
[White "Huseynova, Dinara"]
[Black "Zhukovskyi, Oleksandr"]
[Result "1/2-1/2"]
[WhiteTitle "WCM"]
[BlackTitle "CM"]
[WhiteElo "1822"]
[BlackElo "2153"]
[WhiteFideId "13437313"]
[BlackFideId "14169371"]
[EventDate "2025.06.03"]

1. Nf3 Nf6 2. g3 g6 3. Bg2 Bg7 4. O-O O-O 5. b3 d5 6. Bb2 c5 7. d3 Nc6 8. Nbd2
a5 9. a4 b6 10. Ne5 Bb7 11. Re1 Rc8 12. Rb1 Qd6 13. Nxc6 Bxc6 14. e4 dxe4 15.
Nxe4 Nxe4 16. Bxe4 Bxb2 17. Bxc6 Qd4 18. Bg2 Qf6 19. Qf3 Rcd8 20. Qxf6 Bxf6 21.
Re4 Rd6 22. Rbe1 Rb8 23. Rc4 e6 24. Rce4 Rbd8 25. f4 Bc3 26. R1e2 Bd4+ 27. Kf1
Bc3 28. Kg1 Kg7 29. Kf1 h5 30. h4 Kf6 31. Bf3 Rb8 32. Kg2 Bd4 33. c4 Bc3 34. Rf2
Rxd3 35. Rc2 Rbd8 36. Be2 Bb4 37. Bxd3 Rxd3 38. Kf2 Rxb3 39. Re3 Rb1 40. Rd3 Kf5
41. Rd7 f6 42. Rd6 e5 43. fxe5 fxe5 44. Re2 Bc3 45. Rd8 Bd4+ 46. Kg2 Rg1+ 47.
Kh2 Rd1 48. Rg8 Rc1 49. Rf8+ Ke6 50. Re8+ Kf7 51. Rb8 Rb1 52. Rb7+ Kf6 53. Rb8
Rb4 54. Rf8+ Ke7 55. Rg8 Kf7 56. Rb8 Rxa4 57. Rxb6 Rxc4 58. Ra6 a4 59. Ra2 Rb4
60. R6xa4 Rxa4 61. Rxa4 Ke6 62. Kg2 Kd5 63. Kf3 e4+ 64. Ke2 Be5 65. Ra6 Bxg3 66.
Rxg6 Bxh4 67. Rh6 Bg3 68. Rxh5+ Kd4 69. Rh8 Bf4 70. Rd8+ Kc3 71. Re8 e3 72. Rf8
Bh6 73. Rh8 Bg7 74. Rc8 Bd4 75. Rd8 c4 76. Rc8 Kb3 77. Rb8+ Kc2 78. Rc8 c3 79.
Rc4 Kb3 80. Rxd4 c2 81. Rd3+ Kb2 82. Rd1 cxd1=Q+ 83. Kxd1 Kc3 84. Ke2 Kd4 85.
Ke1 Ke4 86. Ke2 Kd4 87. Ke1 Kd3 88. Kd1 Ke4 89. Ke2 Kf4 90. Ke1 Kf3 91. Kf1 Kg4
92. Ke2 Kf4 93. Ke1 Ke5 94. Ke2 Ke4 95. Ke1 Kf4 96. Ke2 Ke4 97. Ke1 Kf3 98. Kf1
Kg3 99. Ke2 Kf4 1/2-1/2

[Event "Titled Tue 3rd Jun Early"]
[Site "chess.com INT"]
[Date "2025.06.03"]
[Round "2"]
[White "Florescu, Codrut-Constantin"]
[Black "Ter-Sahakyan, Samvel"]
[Result "0-1"]
[WhiteTitle "IM"]
[BlackTitle "GM"]
[WhiteElo "2193"]
[BlackElo "2611"]
[WhiteFideId "1202200"]
[BlackFideId "13302531"]
[EventDate "2025.06.03"]

1. d4 Nf6 2. Nf3 d5 3. c4 c6 4. Nc3 dxc4 5. a4 Bf5 6. Ne5 e6 7. f3 c5 8. dxc5
Qxd1+ 9. Kxd1 Bxc5 10. e4 Bg6 11. Bxc4 O-O 12. Ke2 Rc8 13. Nxg6 hxg6 14. Bg5 Nc6
15. Rhd1 Nd4+ 16. Kf1 Nc2 17. Rab1 Be3 18. Bd3 Bxg5 19. Bxc2 Be3 20. Rd3 Bc5 21.
Rbd1 Bb4 22. Bb3 Bxc3 23. bxc3 Kf8 24. Ke2 Rc7 25. Rd8+ Rxd8 26. Rxd8+ Ke7 27.
Rd3 Nd7 28. Re3 g5 29. Kd2 Nc5 30. Bc2 Rc6 31. Re1 Rd6+ 32. Ke2 Rb6 33. Ra1 a6
34. a5 Rc6 35. Rd1 Rc7 36. Rd4 Nd7 37. Kd2 Ne5 38. Bb3 Nc6 39. Ra4 Rd7+ 40. Kc2
Rc7 41. Kd2 Rc8 42. Ra1 Rh8 43. h3 Rd8+ 44. Kc2 Rd7 45. Ra4 Rc7 46. Rc4 Kd6 47.
Ra4 Ke5 48. Ra1 Kf4 49. Kd3 Kg3 50. Ra2 Ne5+ 51. Kd4 Ng6 52. Bc4 Nf4 53. Bf1 f6
54. c4 e5+ 55. Kc3 Ne6 56. Kb4 Nd4 57. Rd2 Rd7 58. Rb2 Nc6+ 59. Ka4 Rd1 60. Be2
Ra1+ 61. Kb3 Rxa5 62. Kc2 Nd4+ 63. Kd2 b5 64. cxb5 axb5 65. Bd3 Kxg2 66. Ke3+
Kg3 67. Rb1 Ra3 68. Rg1+ Kh4 69. Rc1 b4 70. Rc7 Ne6 71. Rb7 Nf4 0-1

[Event "Titled Tue 3rd Jun Early"]
[Site "chess.com INT"]
[Date "2025.06.03"]
[Round "2"]
[White "Kshatriya, Nitin Vekhande"]
[Black "Kilic, Eray"]
[Result "0-1"]
[WhiteTitle "FM"]
[BlackTitle "IM"]
[WhiteElo "2255"]
[BlackElo "2469"]
[WhiteFideId "45075530"]
[BlackFideId "44517173"]
[EventDate "2025.06.03"]

1. e4 c5 2. Nf3 Nc6 3. Bb5 Nf6 4. Qe2 e5 5. d3 d6 6. Nc3 Be7 7. O-O O-O 8. h3 a6
9. Bc4 b5 10. Bd5 Bb7 11. a3 Rc8 12. Bxc6 Bxc6 13. Bg5 h6 14. Bxf6 Bxf6 15. Nd1
d5 16. exd5 Qxd5 17. Ne3 Qe6 18. Ng4 e4 19. Nxf6+ Qxf6 20. dxe4 Qxb2 21. Nh4
Rfe8 22. f3 Rcd8 23. Qf2 Qc3 24. Nf5 Bd7 25. Ne3 Be6 26. Rfd1 Rxd1+ 27. Rxd1
Qxa3 28. f4 Qc3 29. Qg3 a5 30. Rd3 Qa1+ 31. Kh2 a4 32. e5 c4 33. Rd6 a3 34. f5
Bc8 35. Ng4 Kf8 36. e6 fxe6 37. fxe6 Bxe6 38. Ne5 Bf5 39. Rd5 Kg8 40. Qf4 Be6
41. Rd6 Bf5 42. Nf3 Rf8 43. Nd4 Bh7 44. Qe5 Qf1 45. Rd7 Qf6 46. Qxf6 gxf6 47.
Nxb5 Ra8 48. Rd1 a2 49. Ra1 Bxc2 50. Nc3 Bb3 51. Kg3 Rd8 52. Kf4 Rd2 53. Ke4 Rc2
54. Kd4 Rxg2 55. h4 Rd2+ 56. Kc5 Rc2 57. Kb4 Kf7 58. Re1 Rh2 59. Ra1 Rxh4 60.
Nxa2 Bxa2 61. Rxa2 Rg4 62. Rh2 Kg6 63. Kc3 h5 64. Rd2 h4 65. Rd8 Kg5 66. Rg8+
Kf4 67. Rh8 Kg3 68. Rf8 Rg6 69. Kxc4 h3 70. Rh8 Rg4+ 71. Kd3 Rh4 72. Ra8 h2 73.
Ra1 h1=Q 74. Rxh1 Rxh1 0-1

[Event "Titled Tue 3rd Jun Early"]
[Site "chess.com INT"]
[Date "2025.06.03"]
[Round "2"]
[White "Tristan, Leonardo"]
[Black "Chiang, Jacob"]
[Result "1-0"]
[WhiteTitle "GM"]
[WhiteElo "2536"]
[BlackElo "2006"]
[WhiteFideId "113816"]
[BlackFideId "30962331"]
[EventDate "2025.06.03"]

1. d4 Nf6 2. Nf3 e6 3. Bf4 d5 4. e3 Be7 5. h3 O-O 6. Nbd2 Nbd7 7. Bd3 c5 8. c3
b6 9. O-O Bb7 10. Qe2 a6 11. Rad1 b5 12. e4 dxe4 13. Nxe4 Nxe4 14. Bxe4 Bxe4 15.
Qxe4 Nf6 16. Qc6 Qc8 17. Qxc8 Rfxc8 18. dxc5 Bxc5 19. Bd6 Bb6 20. Be5 Nd5 21.
Bd4 Bxd4 22. Rxd4 f6 23. Re1 Kf7 24. g3 a5 25. Kg2 a4 26. a3 Rc5 27. Nd2 Rac8
28. Ne4 R5c6 29. Red1 Ke7 30. Kf3 h5 31. h4 R8c7 32. Rxd5 exd5 33. Rxd5 g6 34.
Rxb5 f5 35. Ng5 Rd6 36. Ke3 Kf6 37. Rb4 Re7+ 38. Kf3 Rd3+ 39. Kg2 Rd2 40. Rxa4
Rxb2 41. Ra6+ Kg7 42. Ne6+ Kf7 43. Nf4 Rc7 44. Rxg6 Rxc3 45. Rg5 Kf6 46. Nxh5+
Ke5 47. g4 Rxa3 48. Rxf5+ Ke6 49. Nf4+ Kd6 50. h5 Raa2 51. Nh3 Rb4 52. Kg3 Ra1
53. h6 Raa4 54. f3 Ra8 55. g5 Ke7 56. g6 Rb6 57. Nf4 Rb1 58. h7 Rg1+ 59. Kf2 Rh1
60. Rh5 Ra2+ 61. Ke3 Ra3+ 62. Ke4 Ra4+ 63. Kf5 Rxf4+ 64. Kxf4 Rxh5 65. g7 Rxh7
66. g8=Q Rh4+ 67. Ke3 Rh1 68. Qg7+ Ke6 69. Qg6+ Ke7 70. Qg5+ Ke6 71. Qg4+ Ke7
72. Qb4+ Kf7 73. f4 Rh6 74. Qc4+ Re6+ 75. Kf3 Kf6 76. Kg4 Re8 77. Qc6+ Re6 78.
Qd7 Re7 79. Qd4+ Kf7 80. Kg5 Re6 81. Qd7+ Re7 82. Qd5+ Kg7 83. f5 Rf7 84. f6+
Kg8 85. Kg6 Kh8 86. Kxf7 Kh7 87. Qh5# 1-0